000 00516nam a22001817a 4500
005 20260428163937.0
008 260428b |||||||| |||| 00| 0 eng d
020 _a9781841135304
_qpbk.
041 _aeng
082 _a343.4107 OGU
100 _aOgus, Anthony I.
245 _aRegulation: Legal form and Economic Theory
_cAnthony I. Ogus
260 _aNorth America
_bHart Publishing
_c2004
300 _a355p. :
_c20cm
504 _aindex
650 _aMilitary, tax, trade & industrial law
942 _cENGLISH
999 _c620291
_d620291